Tratado de ciencia constitucional / (Registro nro. 18986)

Detalles MARC
000 -LEADER
fixed length control field 01253nam a2200313 4500
001 - CONTROL NUMBER
control field 0000021956
003 - CONTROL NUMBER IDENTIFIER
control field CO-CtgCURN
005 - DATE AND TIME OF LATEST TRANSACTION
control field 20250509185009.0
007 - PHYSICAL DESCRIPTION FIXED FIELD--GENERAL INFORMATION
fixed length control field ta
008 - FIXED-LENGTH DATA ELEMENTS--GENERAL INFORMATION
fixed length control field 160627s2006 000 0 eng d
020 ## - INTERNATIONAL STANDARD BOOK NUMBER
International Standard Book Number 9589760511 v1
040 ## - CATALOGING SOURCE
Original cataloging agency CO-CtgCURN
Language of cataloging spa
Transcribing agency coctgcurn
082 0# - DEWEY DECIMAL CLASSIFICATION NUMBER
Classification number 342
Item number P658t
100 1# - MAIN ENTRY--PERSONAL NAME
Personal name Pinzon, Cerbeleon.
245 10 - TITLE STATEMENT
Title Tratado de ciencia constitucional /
Statement of responsibility, etc. Cerbeleon Pinzon.
260 ## - PUBLICATION, DISTRIBUTION, ETC.
Place of publication, distribution, etc. Bogotá :
Name of publisher, distributor, etc. Academia Colombiana de Jurisprudencia,
Date of publication, distribution, etc. 2006.
300 ## - PHYSICAL DESCRIPTION
Extent 2 v.
336 ## - CONTENT TYPE
Source rdacontent
337 ## - MEDIA TYPE
Source rdamedia
Media type term sin mediacion
Media type code n
338 ## - CARRIER TYPE
Source rdacarrier
Carrier type term volumen
Carrier type code nc
490 1# - SERIES STATEMENT
Series statement Clasicos
500 ## - GENERAL NOTE
General note Con comentarios de Hernan Alejandro Olano García miembro correspondiente de la Academia Colombiana de Jurisprudencia.
505 8# - FORMATTED CONTENTS NOTE
Formatted contents note V.1: De la ciencia constitucional de sus relaciones con la administrativa y la política.--Principios generales de organizacion política.--V.2: Poder judicial.--Regimen secciónal.--Del poder constituyente
650 14 - SUBJECT ADDED ENTRY--TOPICAL TERM
Topical term or geographic name entry element Derecho constitucional
Geographic subdivision Colombia.
908 ## - PUT COMMAND PARAMETER (RLIN)
Put command parameter 160627
942 ## - ADDED ENTRY ELEMENTS (KOHA)
Koha item type Libros
Classification part 342
Item part P658t
Source of classification or shelving scheme Dewey Decimal Classification
Suppress in OPAC No
Existencias
Withdrawn status Lost status Source of classification or shelving scheme Damaged status Not for loan Collection Home library Current library Shelving location Date acquired Inventory number Total checkouts Full call number Barcode Date last seen Copy number Price effective from Koha item type Public note
    Dewey Decimal Classification     General Miguel Henríquez Castañeda Miguel Henríquez Castañeda General 03/31/2025 003748   342 P658t 003748 03/31/2025 v.1 03/31/2025 Libros 340-DEREC
    Dewey Decimal Classification     General Miguel Henríquez Castañeda Miguel Henríquez Castañeda General 03/31/2025 013893   342 P658t 013893 03/31/2025 v.2 03/31/2025 Libros 340-DEREC